Μεγαλύτερες Πόλεις της Θράκης - Statistics

General Stats
  • This quiz has been taken 31 times
  • The average score is 6 of 15
Answer Stats
Πόλη Πληθυσμός % Correct
Αλεξανδρούπολη 57.812
100%
Ξάνθη 56.122
100%
Ορεστιάδα 18.426
100%
Κομοτηνή 52.696
89%
Διδυμότειχο 9.263
67%
Σουφλί 3.837
56%
Σάπες 3.351
22%
Εχίνος 2.486
22%
Φέρες 5.457
11%
Κιμμέρια 3.644
11%
Ίασμος 2.586
11%
Κένταυρος 2.580
11%
Σέλερο 2.059
11%
Νέα Βύσσα 2.805
0%
Τυχερό 2.311
0%
No matching quizzes found
Score Distribution
Percent of People with Each Score
Percentile by Number Answered
Your Score History
You have not taken this quiz